[Event "Paris GCT 2017 Blitz"]
[Site "Paris"]
[Date "2017.06.25"]
[Round "15"]
[White "Nakamura, Hikaru"]
[Black "Topalov, Veselin"]
[Result "1-0"]
[WhiteElo "2792"]
[BlackElo "2725"]
[Annotator "TA"]
[PlyCount "75"]
[EventDate "2017.??.??"]
[EventType "tourn"]
[EventCountry "FRA"]
[SourceTitle "playchess.com"]
[Source "ChessBase"]
[SourceQuality "1"]

{[%evp 9,75,0,16,-1,-7,0,0,0,0,-14,-12,-29,-20,-23,-23,-28,-22,-18,0,-25,-25,-23,-20,-29,-24,-20,-12,-89,-30,-30,0,0,31,-16,-14,-15,-14,-16,-15,-27,0,-27,0,-32,0,0,-6,-7,206,0,210,215,199,213,203,188,158,197,329,349,704,687,882,865,875,865,1250,1215]} 1. Nf3 d5 2. e3 g6 3. c4 c6 4. cxd5 (4. d4 Bg7 5. Nbd2 Nf6 6. Bd3 O-O 7. O-O Nbd7 8. b3 b6 9. a4 a5 10. e4 dxe4 11. Nxe4 Bb7 12. Bb2 c5 13. Re1 Rc8 14. Qe2 cxd4 15. Bxd4 Nc5 16. Bxc5 bxc5 {1-0 (59) Nakamura,H (2785)-Caruana,F (2808) Stavanger 2017}) 4... cxd5 5. Qa4+ $146 ({Predecessor:} 5. Nc3 Bg7 6. Qa4+ Nc6 7. Bb5 Bd7 8. Nxd5 a6 9. Qa3 e6 10. Bxc6 Bxc6 11. Nc3 {½-½ (63) Ynojosa Aponte,F (2439)-Ashiku,F (2253) Kocaeli 2013}) 5... Nc6 (5... Bd7 $5 {[%cal Rd7a4]} 6. Qb3 e6 $11) 6. Ne5 {A06: Réti Opening:1 Nf3 d5} Bd7 7. Nxd7 Qxd7 8. d4 {The position is equal.} e6 9. Nd2 Bd6 10. Nf3 Nf6 11. Be2 O-O 12. O-O Ne4 13. Nd2 Nf6 14. a3 a6 {[%cal Ba7a6,Ba6a5][%mdl 32]} 15. Bd3 Qe7 16. f4 Rfc8 17. Qd1 Rc7 18. b3 (18. Nf3 $11) 18... Rac8 (18... e5 $1 $17 {[%cal Re5d4]} 19. dxe5 Nxe5) 19. Bb2 $11 a5 20. g4 Ne8 {[%cal Bf6e8,Be8g7,Bg7f5][%mdl 32]} 21. g5 Ng7 22. Qe2 Nf5 23. Nf3 Qf8 24. Qd2 Qe7 25. Rfe1 Qf8 (25... a4 $5) 26. Kh1 Be7 (26... a4 $5) 27. e4 dxe4 28. Bxe4 Rd8 $2 {[#]} (28... Ng7 $11 {and Black stays safe.}) 29. d5 $2 (29. Bxf5 $1 $18 {Strongly threatening Be4.} gxf5 {[#]} 30. d5 $1 {[%mdl 512]} exd5 31. Nd4) 29... exd5 $2 (29... Ng7 $1 $11 {and Black is okay.}) 30. Bxf5 $1 $18 ({Weaker is} 30. Bxd5 Ncd4 $17) 30... gxf5 31. Nh4 d4 32. Nxf5 $40 {[%mdl 128] White goes for the king.} Bc5 33. Qd3 b6 (33... Kh8 $142) 34. Re4 f6 $2 (34... Rb7 35. Re2 (35. Bxd4 $2 Nxd4 36. Rd1 Rbd7 $19) 35... Rbd7 36. Nh6+ Kh8) 35. Re6 {White is clearly winning.} fxg5 36. fxg5 Kh8 37. Rf1 Qg8 38. Qe4 {Precision: White = 63%, Black = 41%.} 1-0

[Event "Paris GCT 2017 Blitz"]
[Site "Paris"]
[Date "2017.06.25"]
[Round "15"]
[White "So, Wesley"]
[Black "Bacrot, Etienne"]
[Result "1-0"]
[WhiteElo "2789"]
[BlackElo "2688"]
[Annotator "TA"]
[PlyCount "83"]
[EventDate "2017.??.??"]
[EventType "tourn"]
[EventCountry "FRA"]
[SourceTitle "playchess.com"]
[Source "ChessBase"]
[SourceQuality "1"]

{[%evp 13,83,0,4,2,20,12,7,2,16,16,16,15,15,13,15,14,8,16,16,9,12,10,13,0,20,18,14,0,6,0,0,-27,39,39,22,-56,-70,-120,-112,-117,-116,-131,-116,-118,-30,-33,-35,-38,0,-171,-179,-179,78,80,88,43,126,83,206,179,352,-223,0,-26,161,0,211,144,141,-531,140,146]} 1. Nf3 d5 2. e3 Nf6 3. c4 e6 4. b3 b6 5. Bb2 Bb7 6. Nc3 {A13: English Opening: 1...e6} Be7 (6... a6 7. cxd5 exd5 8. d4 Bd6 9. g3 O-O 10. Bg2 Nbd7 11. O-O Qe7 12. a4 Ne4 13. Ne2 a5 {½-½ (22) Karjakin,S (2785)-So,W (2808) Wijk aan Zee 2017}) 7. cxd5 exd5 {LiveBook: 7 Games} 8. d4 {The position is equal.} Nbd7 $146 ({Predecessor:} 8... O-O 9. Bd3 c5 10. O-O Nbd7 11. Qe2 Re8 12. Rfd1 Bd6 13. Ba6 Qc8 14. Bxb7 Qxb7 15. Qd3 Rac8 16. dxc5 Nxc5 17. Qf5 Nce4 18. Nxe4 Nxe4 {0-1 (37) Lysyj,I (2668)-Kosyrev,V (2520) Cheliabinsk 2016}) 9. g3 O-O 10. Bg2 Re8 11. O-O Bf8 12. Qc2 Rc8 13. Rfd1 a6 14. Ne1 {[%cal Bf3e1,Be1d3,Bd3e5][%mdl 32]} Ne4 15. Nd3 Ndf6 16. Rac1 Bd6 17. Nxe4 Nxe4 18. Qe2 (18. f3 $5 {[%cal Rf3e4]} Ng5 19. f4 $11) 18... Qd7 19. Ne5 Qe6 20. Nd3 f6 21. Nf4 Qf7 22. Qf3 c5 (22... a5 $11) 23. dxc5 $14 bxc5 {[%cal Bb6c5,Bc5c4,Bc4c3,Bc3c2][%mdl 32]} 24. Rd3 ({White should try} 24. Qh5 $11) 24... c4 $1 $15 {[%cal Rc4d3]} 25. Rdd1 c3 26. Ba1 c2 $36 {[%mdl 2048] Black is on the roll.} 27. Re1 Ba3 28. Qe2 Qc7 (28... Bxc1 $17 29. Rxc1 g5) 29. Bh3 $11 Bxc1 30. Rxc1 {[%cal Be1c1,Bc1c2,Bc2c7][%mdl 32]} d4 {Threatens to win with ...dxe3!} 31. Be6+ $2 (31. Bxc8 $11 Rxc8 32. exd4) 31... Rxe6 $1 $19 32. Nxe6 {[#]} Qd7 $2 (32... Nxg3 $1 $19 {[%mdl 512]} 33. hxg3 (33. fxg3 Qc6) 33... Qc6) 33. Nxd4 $16 Ng5 34. Rxc2 Rd8 (34... Rxc2 $14 35. Qxc2 Qg4) 35. f3 Qh3 (35... Nxf3+ $16 {keeps fighting.} 36. Nxf3 Qd1+ 37. Qxd1 Rxd1+ 38. Kf2 Rxa1) 36. Rc7 Rxd4 $2 (36... Bd5 37. e4 Ne6) 37. Rxb7 $4 {[%mdl 8192]} (37. exd4 $18 {[%cal Re2e8]} Nxf3+ 38. Kf2 Qxh2+ 39. Ke3 Qh6+ 40. Kd3 Qg6+ 41. Kc3) 37... Rd8 $2 (37... Rd2 $1 $19 {[%cal Rd2e2]} 38. Qc4+ Ne6 39. Qc8+ Rd8) 38. Bd4 {Qc4+ is the strong threat.} h5 $2 (38... Rc8 $1 $11 39. Bb2 Qf5) 39. f4 $2 (39. Rb4 $1 $18) 39... Ne4 $2 (39... Rc8 $1 $11 40. Bb2 (40. fxg5 $2 Rc1+ 41. Kf2 Qxh2+ 42. Kf3 Qh1+ 43. Kf2 Qxb7 $19) 40... Rc2 41. Rb8+ (41. Rxg7+ $2 Kxg7 42. Bxf6+ Kf7 $19) 41... Kf7 42. Rb7+ Kg8 43. Rb8+ (43. Rxg7+ $2 Kxg7 44. Bxf6+ Kf7 $19) 43... Kf7 44. Rb7+ Kg8) 40. Qc4+ ({Inferior is} 40. Qxa6 Rc8 $11) 40... Kh8 {aiming for ...Nd6.} 41. Qf7 $2 {[%mdl 8192]} ({Don't go for} 41. Qxa6 $2 Nc5 $19) (41. Qc7 $16 {[%csl Gb7][%cal Rc7g7] and life is bright.} Rg8 42. Qd7 Qxd7 43. Rxd7) 41... Rg8 $2 {[#]} (41... Qg4 $1 $19 {[%cal Rg4d1] ( -> ...Qd1+)} 42. Qc4 Nxg3 $1 {[%mdl 512]} 43. hxg3 Qxg3+ 44. Kh1 Qf3+ 45. Kh2 Qxb7) 42. Qd7 $1 {Precision: White = 31%, Black = 30%.} 1-0

[Event "Paris GCT 2017 Blitz"]
[Site "Paris"]
[Date "2017.06.25"]
[Round "15"]
[White "Vachier-Lagrave, Maxime"]
[Black "Mamedyarov, Shakhriyar"]
[Result "1-0"]
[WhiteElo "2783"]
[BlackElo "2784"]
[Annotator "TA"]
[PlyCount "113"]
[EventDate "2017.??.??"]
[EventType "tourn"]
[EventCountry "FRA"]
[SourceTitle "playchess.com"]
[Source "ChessBase"]
[SourceQuality "1"]

{[%evp 12,113,30,19,22,22,17,16,19,26,27,26,31,19,35,34,24,22,10,9,26,19,29,22,46,12,43,36,32,31,26,24,27,24,24,24,37,17,17,17,37,20,20,13,18,12,11,11,11,11,14,0,6,0,0,7,16,11,17,0,25,0,0,0,49,0,0,0,44,0,8,8,50,43,43,43,62,50,99,106,113,108,104,91,155,153,384,378,377,366,333,333,660,656,641,626,616,363,312,0,604,604,1860,1687]} 1. e4 c6 2. Nf3 d5 3. Nc3 Bg4 4. h3 Bxf3 5. Qxf3 e6 6. Be2 Bc5 {B11: Caro-Kann: Two Knights Variation} (6... Nd7 7. d4 dxe4 8. Nxe4 Ngf6 9. Nxf6+ Nxf6 10. c3 Bd6 11. h4 Qa5 12. Bg5 Qd5 13. O-O h6 14. Be3 {1-0 (63) Bacrot,E (2696)-Prohaszka,P (2596) Minsk 2017}) 7. O-O {LiveBook: 3 Games} Ne7 8. Na4 Bd6 {The position is equal.} 9. d4 dxe4 10. Qxe4 Nd7 11. Rd1 O-O 12. Qf3 $146 (12. Nc5 $5) ({Predecessor:} 12. c4 Ng6 13. Nc3 Qc7 14. Be3 {½-½ (50) Maltsevskaya,A (2199)-Nechaeva,M (2409) Sochi 2017}) 12... Qa5 13. Nc3 Nf6 14. Ne4 Nxe4 15. Qxe4 Rad8 16. a4 (16. Bd2 {seems wilder.} Qc7 17. Bd3 Ng6 18. h4 Rde8 19. h5) 16... Rd7 17. c3 Rfd8 18. Bc4 Qh5 19. Re1 a5 20. Be2 Qg6 21. Qxg6 Nxg6 22. g3 h6 23. h4 {[%cal Bh3h4,Bh4h5][%mdl 32]} Ne7 24. h5 Nd5 25. Kg2 Nf6 26. Bf3 Kf8 27. Re2 Nd5 28. Bd2 Nb6 29. b3 Nd5 30. Rh1 Be7 31. Be1 b6 32. Be4 c5 33. dxc5 bxc5 34. c4 Nb4 35. Bc3 Rb8 (35... Bf6 $5 {[%cal Rf6c3]} 36. Be1 Be7 $11) 36. Rd2 (36. Rb1 {looks sharper.} Rbd8 37. f4 f5 38. Bf3 Rd6 39. g4) 36... Rxd2 37. Bxd2 Bf6 (37... Rd8 $5 {[%cal Rd8d2]} 38. Bf4 Rd7 $11) 38. Kf3 Bd4 39. g4 f6 40. Bf4 e5 41. Bd2 Rd8 42. Ke2 Ke7 43. Rd1 Kd6 44. f4 Kc7 45. g5 hxg5 46. fxg5 fxg5 47. Rf1 g4 (47... Rh8 $142) 48. Rf5 $16 Kc8 $2 {[#]} (48... Rd7 $16 {was called for.} 49. Rg5 Rf7) 49. Rf7 $18 ({Not} 49. Rg5 Rh8 $16) 49... Rh8 50. Bf5+ Kb8 51. Bxg4 e4 $2 (51... Na2 52. Bxa5 e4) 52. Bf4+ Ka8 53. Bf5 Re8 54. Bg6 Re6 55. Bf5 $2 {[#]} (55. Rf8+ Ka7 56. Bf5) 55... Re8 56. Bd6 Nd3 57. Bd7 {Precision: White = 53%, Black = 39%.} 1-0

[Event "Paris GCT 2017 Blitz"]
[Site "Paris"]
[Date "2017.06.25"]
[Round "15"]
[White "Caruana, Fabiano"]
[Black "Grischuk, Alexander"]
[Result "0-1"]
[WhiteElo "2782"]
[BlackElo "2779"]
[Annotator "TA"]
[PlyCount "98"]
[EventDate "2017.??.??"]
[EventType "tourn"]
[EventCountry "FRA"]
[SourceTitle "playchess.com"]
[Source "ChessBase"]
[SourceQuality "1"]

{[%evp 25,98,0,0,0,6,-14,14,11,43,-1,0,-9,-6,-145,-145,-155,-154,-227,-234,-225,-241,-230,-214,-211,-201,-290,-289,-269,-222,-194,-211,-247,-246,-595,-229,-254,-240,-263,-254,-256,-257,-262,-262,-256,-254,-429,-333,-284,-257,-257,-257,-250,-250,-250,-250,-264,-264,-464,-454,-432,-437,-396,-266,-713,-667,-725,-548,-772,-708,-611,-600,-1054,-970,-696,-385]} 1. Nf3 Nf6 2. g3 d5 3. Bg2 c6 4. O-O Bf5 5. d3 e6 6. b3 h6 7. Bb2 Be7 8. Nbd2 O-O 9. c4 a5 10. a3 Bh7 11. Qc2 Na6 {A12: English Opening: 1...c6 with b3 by White} 12. Ne5 (12. Rac1 Re8 13. Qb1 Nd7 14. Rc2 Bf6 15. Bxf6 Nxf6 16. b4 axb4 17. axb4 Nc7 18. Rfc1 e5 19. cxd5 Nfxd5 {½-½ (69) Artemiev,V (2653)-Wojtaszek,R (2749) Doha 2016}) 12... Nd7 13. Nxd7 Qxd7 {LiveBook: 4 Games. The position is equal.} 14. Nf3 Rfc8 15. Bc3 (15. Qc3 $5 {[%cal Rc3g7]} f6 16. Bh3 $11 (16. Qxa5 Nb4 $17)) 15... Qd8 16. Qb2 Bf6 $146 17. Ne5 Nc5 18. Bd4 Qd6 {White should prevent ...dxc4.} 19. f4 {[#]} (19. Rac1 $11 {remains equal.}) 19... dxc4 $1 $17 20. dxc4 {[#]} Nxb3 $1 {[%mdl 512]} 21. Qxb3 (21. Rad1 $17 Nxd4 22. Rxd4) 21... Qxd4+ $19 22. Kh1 Bxe5 23. fxe5 Qxe5 24. Qxb7 Bg6 ({Not} 24... Qxe2 25. Qxf7+ Kh8 26. Rfe1 $11) 25. Ra2 (25. Bf3 $142) 25... Rab8 26. Qa7 Rb2 27. Rxb2 Qxb2 28. Qxa5 Qxe2 {Hoping for ...Be4.} 29. Qa6 $2 (29. Qc5) 29... Rb8 $2 (29... Rd8 {( -> ...Be4)} 30. Qa7 Rd2) 30. Qxc6 Rb2 31. c5 Rc2 32. a4 Qe3 33. Qf3 Qxc5 34. h4 h5 35. Ra1 $2 (35. Re1 {is a better defense.}) 35... Qe5 36. Rg1 Rc3 37. Qf4 Qxf4 38. gxf4 {[%mdl 4096] Endgame [#] KRB-KRB} Ra3 $1 39. Bc6 Bc2 40. Rg5 Bxa4 41. Be4 $2 (41. Bg2 {was called for.}) 41... Rh3+ 42. Kg2 Rxh4 43. Ra5 {Threatening mate with Ra8+.} f5 44. Bf3 $2 (44. Bxf5 exf5 45. Rxa4) 44... Rxf4 {Black is clearly winning.} 45. Bxh5 Kh7 46. Bf7 Bb3 47. Kg3 Rg4+ 48. Kh3 Bd5 49. Ra6 g6 {Precision: White = 29%, Black = 68%.} 0-1

[Event "Paris GCT 2017 Blitz"]
[Site "Paris"]
[Date "2017.06.25"]
[Round "15"]
[White "Karjakin, Sergey"]
[Black "Carlsen, Magnus"]
[Result "1-0"]
[WhiteElo "2776"]
[BlackElo "2851"]
[Annotator "TA"]
[PlyCount "171"]
[EventDate "2017.??.??"]
[EventType "tourn"]
[EventCountry "FRA"]
[SourceTitle "playchess.com"]
[Source "ChessBase"]
[SourceQuality "1"]

{[%evp 11,171,23,20,27,29,29,32,15,23,12,18,20,16,18,11,13,19,14,38,0,0,3,58,54,61,66,70,65,64,56,52,55,83,66,93,94,131,33,164,151,178,162,183,183,187,177,219,227,318,302,117,83,233,234,235,226,218,219,211,160,160,141,141,141,219,198,197,197,214,47,124,9,61,44,57,74,200,200,322,299,265,289,519,507,547,531,624,624,622,559,1151,1147,782,767,1560,1315,800,751,708,596,2131,2091,1965,2012,2726,2199,29989,2143,29978,29980,29983,29984,29983,29985,29991,29970,29967,29970,29970,29969,29970,29970,29970,29968,29973,29974,29973,29971,29974,29974,29973,29973,29979,29977,29977,29978,29978,29979,29981,29982,29982,29983,29983,29977,29980,29981,29987,29983,29983,29983,29983,29984,29984,29985,29985,29978,29973,29961,29989,29990,29990,29991]} 1. e4 e5 2. Nf3 Nc6 3. Bc4 Bc5 4. O-O Nf6 5. d3 a6 6. c3 d6 7. a4 {C54: Giuoco Piano: 4 c3 Nf6, main lines with 5 d4 and 5 d3} (7. Re1 Ba7 8. a4 O-O 9. h3 Ne7 10. d4 Ng6 11. Nbd2 c6 12. Bd3 Re8 13. Bc2 h6 14. Nf1 exd4 15. cxd4 {1-0 (40) Kramnik,V (2808)-Carlsen,M (2832) Stavanger 2017}) 7... Ba7 8. Nbd2 O-O 9. h3 {White is slightly better.} h6 10. Re1 Re8 11. b4 Be6 12. Bxe6 Rxe6 13. Qc2 Ne7 14. Nf1 {[%cal Bd2f1,Bf1g3,Bg3f5][%mdl 32]} Ng6 {[#]} 15. c4 $146 ({Predecessor:} 15. Ng3 d5 16. c4 {½-½ (27) Saric,I (2666)-Kasimdzhanov,R (2691) Germany 2016}) 15... a5 16. bxa5 Ne7 ({Black should try} 16... Bc5 $11) 17. Rb1 Rb8 18. Bd2 Nc6 19. Ng3 Nd7 20. Rb5 Nc5 21. Reb1 Qc8 22. Be3 Re8 23. Nf5 Ne6 24. Qd2 ({Better is} 24. a6 $1 $16 {[%cal Ra6b7]} bxa6 25. Rxb8 Bxb8 26. c5) 24... h5 (24... Bxe3 $14 25. Qxe3 (25. fxe3 Nc5 $14) 25... Ra8) 25. d4 exd4 26. N3xd4 ({Don't do} 26. N5xd4 $6 Nexd4 27. Nxd4 Bxd4 $16) (26. Bxd4 Nexd4 27. N5xd4 Nxd4 $11) 26... Nexd4 27. Nxd4 Bxd4 28. Bxd4 Rxe4 {[#]} 29. Bc3 $1 Rxc4 (29... Qe6 $142 30. a6 (30. Rxh5 Rxc4 31. Rhb5 d5 $14) (30. Rxb7 Rxb7 31. Rxb7 Rxc4 $16) 30... b6) 30. Rxh5 $18 {Intending Rh8+! and mate.} Qe6 $2 (30... Ne5 $18 31. Bxe5 dxe5) 31. Re1 $40 {[%mdl 128] White wants a kill.} Qg6 (31... Ne5 $16 {was worth a try.}) 32. Rg5 Qxg5 33. Qxg5 {[%csl Gc3][%cal Rg5g7]} Rxc3 34. Re4 Rc5 35. Qg3 Rxa5 36. Rg4 g6 37. Qb3 {[%mdl 1024] Hoping for Rxg6+. White has strong compensation.} Kf8 (37... Ne5 $16) 38. Rh4 Ke7 39. Rf4 Nd8 40. Re4+ $2 ({White must play} 40. Qc3 $18 Rc5 41. Qf6+ Kd7 42. Re4) 40... Kd7 ({Black should play} 40... Ne6 $1 $14) 41. Qe3 (41. Qc3 $16 Rba8 42. Qf6) 41... Nc6 (41... Ne6 $11) 42. Qf3 Rf8 43. Qf6 Re5 {[#]} (43... Rf5 $16 44. Qb2 Nd8) 44. Rxe5 $1 Nxe5 {[%mdl 4096] Endgame KQ-KRN} (44... dxe5 $142 45. Kh2 b6) 45. f4 Nc6 46. g4 Nd8 $2 (46... Ne7 47. Qg7 Ke8) 47. h4 Re8 48. h5 gxh5 49. gxh5 Re6 50. Qg7 d5 51. h6 Rg6+ 52. Kf2 Ke7 53. f5 Rf6 54. h7 Rxf5+ 55. Ke1 Ne6 56. Qh6 Re5+ 57. Kd1 Re4 58. h8=Q Rxa4 59. Qh2 (59. Q6f6+ $142 Kd6 60. Qf8+ Kc6 61. Qe8+ Kd6 62. Qxa4 b6 63. Qb5 d4 64. Ke1) 59... Kd7 60. Qf6 {White mates.} Kc6 61. Qc2+ Rc4 {[#]} 62. Qxf7 $1 Nc5 63. Qxc4 dxc4 64. Qxc4 b5 65. Qh4 Nb7 66. Qe4+ Kb6 67. Qg6+ Nd6 68. Kc2 Kc5 69. Kb3 Nc4 70. Qg1+ Kc6 71. Kb4 Nd6 72. Qc5+ Kd7 73. Qd5 c6 74. Qg8 Kc7 75. Qg7+ Kb6 76. Qd4+ Kc7 77. Ka5 Nb7+ 78. Ka6 Nd6 79. Qa7+ Kd8 80. Qh7 Nc8 81. Kb7 Ne7 82. Kb6 Kd7 83. Kc5 Ke6 84. Qh6+ Kd7 85. Qd6+ Ke8 86. Qe6 {Precision: White = 70%, Black = 29%.} 1-0

[Event "Paris GCT 2017 Blitz"]
[Site "Paris"]
[Date "2017.06.25"]
[Round "16"]
[White "Carlsen, Magnus"]
[Black "Vachier-Lagrave, Maxime"]
[Result "0-1"]
[WhiteElo "2832"]
[BlackElo "2796"]
[Annotator "TA"]
[PlyCount "114"]
[EventDate "2017.??.??"]
[EventType "tourn"]
[EventCountry "FRA"]
[SourceTitle "playchess.com"]
[Source "ChessBase"]
[SourceQuality "1"]

{[%evp 13,114,0,15,6,36,6,14,-7,20,10,15,14,79,74,89,75,94,89,97,75,102,-59,-56,-35,-51,-85,-87,-87,-86,-79,-80,-85,-84,-81,-32,-39,46,41,42,41,46,61,52,50,33,36,33,39,73,73,86,99,87,83,131,72,80,50,66,58,104,0,10,-24,-18,-52,0,0,0,0,0,0,0,0,0,0,0,0,0,0,0,0,0,0,0,0,0,0,0,0,0,0,0,0,16,37,204,100,96,95,119,-12844,-12844]} 1. e4 c5 2. Nf3 d6 3. d4 cxd4 4. Nxd4 Nf6 5. Nc3 a6 6. Be2 e5 7. Nf3 h6 {LiveBook: 108 Games} 8. Nd2 {B92: Sicilian Najdorf: 6 Be2} b5 (8... Be6 9. Nc4 Qc7 10. Ne3 Nbd7 11. Ncd5 Bxd5 12. Nxd5 Nxd5 13. Qxd5 Qxc2 14. Bc4 Rc8 15. Bb3 Qxc1+ 16. Rxc1 Rxc1+ {1-0 (63) Hovhannisyan,R (2640)-Gabuzyan,H (2607) Martuni 2016}) 9. Nf1 $146 (9. a4 $5 {[%cal Ra4b5]}) ({Predecessor:} 9. a4 b4 10. Nd5 Nxd5 11. exd5 a5 12. Nc4 Nd7 13. O-O Be7 14. f4 O-O 15. fxe5 Nxe5 {0-1 (49) Carmaciu,L (1765)-Voinea,I Sovata 1997}) 9... Bb7 10. Bf3 {The position is equal.} Nbd7 11. Ne3 Nb6 12. O-O Rc8 (12... Be7 $11 {keeps the balance.}) 13. Qd3 $16 g6 14. Rd1 Be7 15. a4 $1 {[%cal Ra4b5]} b4 {[%cal Bb5b4,Bb4b3][%mdl 32]} 16. Na2 a5 17. c3 $2 (17. Qb5+ $16 Bc6 18. Qxa5) 17... b3 $1 $36 {[%cal Rb3a2][%mdl 2048] Black is more active.} 18. Nb4 $1 axb4 19. a5 bxc3 20. axb6 c2 21. Rd2 Qxb6 22. Ra3 O-O $1 23. Rxb3 Qa7 24. Ra3 Qd4 (24... Qb8 $15 25. Ra1 Nh7) 25. Qb3 $14 {[#]} Qxd2 $1 {[%mdl 512]} 26. Bxd2 c1=Q+ 27. Bxc1 Rxc1+ 28. Nf1 $1 Bxe4 29. Qe3 Rc4 30. Qxh6 d5 {[#]} 31. Bxe4 $1 Ng4 ({Don't blunder} 31... Bxa3 $2 32. Bxg6 fxg6 33. Qxg6+ Kh8 34. bxa3 $18) 32. Qh3 Rxe4 33. Rc3 Rb4 34. Rc2 (34. Rc7 $142 Bd8 35. Rc6) 34... Kg7 35. Qd3 Nf6 36. Qg3 e4 37. Qe5 (37. Ne3 $16 {And now Nf5+ would win.} Ra8 38. h3) 37... Re8 $11 38. Ne3 {Hoping for g4.} d4 $1 {[%cal Rd4e3]} 39. Ng4 d3 (39... Bd8 $15 40. Qc5 Be7) 40. Rc1 {Black must now prevent Nxf6.} Bd8 41. Qc3 Rb7 42. Ne3 Rc7 43. Qd2 Rxc1+ 44. Qxc1 Bb6 45. Kf1 Bxe3 46. Qxe3 {[%mdl 4096] Endgame KQ-KRN} Rb8 47. Qd4 Rb5 48. Ke1 Rg5 49. g3 Rd5 50. Qc3 d2+ $1 51. Kd1 {b4 is the strong threat.} Rd3 52. Qe5 Rd5 53. Qf4 g5 54. Qe3 $1 {Threatens to win with f3.} Kg6 $2 {[#]} (54... g4 $14) 55. h3 (55. h4 $1 $18 {is the precise move to win.}) 55... Rd3 $16 56. Qb6 Kg7 {aiming for ...e3!} 57. b4 $2 {[%mdl 8192]} (57. Qb5 $16 Kg6 58. h4 gxh4 59. gxh4) 57... Nd5 {Precision: White = 46%, Black = 58%.} 0-1

[Event "Paris GCT 2017 Blitz"]
[Site "Paris"]
[Date "2017.06.25"]
[Round "16"]
[White "Mamedyarov, Shakhriyar"]
[Black "Nakamura, Hikaru"]
[Result "1-0"]
[WhiteElo "2800"]
[BlackElo "2785"]
[Annotator "TA"]
[PlyCount "183"]
[EventDate "2017.??.??"]
[EventType "tourn"]
[EventCountry "FRA"]
[SourceTitle "playchess.com"]
[Source "ChessBase"]
[SourceQuality "1"]

{[%evp 16,183,0,0,0,0,0,0,20,15,14,7,10,8,12,8,13,13,12,9,34,35,35,0,0,0,0,0,0,0,0,0,0,0,0,0,2,0,0,0,0,-9,-20,-26,65,0,214,200,209,212,201,188,161,138,102,106,102,75,75,76,109,106,191,198,197,202,193,5,7,0,39,0,0,-8,-8,0,0,0,0,0,0,0,0,-14,-14,-14,-14,-14,-14,-14,-14,-14,-8,-8,0,-14,0,0,0,0,0,0,0,0,0,-14,-1,-7,-8,-102,-102,-140,-140,-2243,-1628,-1487,-1260,-3961,-4133,-3961,-3616,-3555,-3178,-2748,-8,-8,-8,-8,-8,-1285,-1178,-1170,-1155,-1155,-1148,-4570,-3,-3,-3,-3,8,8,8,8,8,8,8,10,62,62,62,62,62,62,70,70,70,70,1442,187,187,187,29980,29979,29992,29984,29984,29984,29984,29979]} 1. d4 Nf6 2. c4 e6 3. Nc3 Bb4 4. Nf3 O-O 5. Bg5 c5 6. e3 cxd4 7. exd4 d5 8. cxd5 exd5 9. Be2 {LiveBook: 8 Games. B14: Caro-Kann: Panov-Botvinnik Attack with 5...e6 and 5...g6} h6 10. Bxf6 (10. Bh4 g5 11. Bg3 Ne4 12. Rc1 Nc6 13. O-O Bxc3 14. bxc3 Bf5 15. Ne5 Rc8 16. f4 Nxe5 17. fxe5 {0-1 (36) Tari,A (2584)-Wei,Y (2707) Doha 2016}) 10... Qxf6 11. O-O {The position is equal.} Bxc3 $146 ({Predecessor:} 11... Be6 12. Qb3 Nc6 13. a3 Bd6 14. Rfd1 Na5 15. Qb5 Qd8 16. Nd2 a6 {0-1 (33) Resende,A (2325)-Van Riemsdijk,H (2335) Sao Paulo 1988}) 12. bxc3 Nc6 13. Re1 b6 14. Nd2 Be6 15. Nf1 Rac8 16. Ne3 Ne7 17. Rc1 Ng6 18. g3 Rc7 19. f4 Ne7 $1 20. Bd3 Rfc8 21. Qd2 (21. Ba6 {looks sharper.} Rb8 22. Bd3 Rbc8) 21... Bd7 22. Ba6 Rd8 23. Bd3 Qd6 24. f5 Kh8 25. Rf1 {Black should prevent f6!} Ng8 26. Ng4 b5 27. Ne5 Be8 28. Rce1 Rdc8 29. Qf4 Rd8 (29... Qb6 $11) 30. Re3 (30. Ng6+ $1 $14 fxg6 31. Qxd6 Rxd6 32. Rxe8 gxf5 33. Bxf5 (33. Rxf5 Rxc3 34. Bxb5 a6 $14) (33. Bxb5 g6 $14)) 30... f6 $2 (30... Qb6 $11) 31. Ng6+ $1 $18 Bxg6 32. Qxd6 Rxd6 33. fxg6 Rd8 34. Bxb5 Ne7 35. Bd3 {Black must now prevent Rfe1.} Rxc3 36. Rxe7 Rxd3 $16 {[%mdl 4096] Endgame KRR-KRR} 37. Rfe1 {Threatening mate with Re8+.} Rf8 38. Rf7 {[%cal Rf7f8]} Rg8 (38... Rc8 $16) 39. Rxa7 $18 Rxd4 40. a4 Rg4 41. Rd1 $2 (41. a5 $18) 41... Rxg6 $11 42. Rxd5 Rg4 43. Rdd7 Rb8 44. Kg2 Rb2+ 45. Kf3 h5 46. Rd5 Rb3+ 47. Kg2 Rb2+ 48. Kh3 Rg5 49. Raa5 Rxd5 50. Rxd5 {KR-KR} g5 {( -> ...g4+)} 51. g4 $1 Rb3+ 52. Kg2 hxg4 53. Rd4 Kg7 {And now ...f5 would win.} 54. Rxg4 Kg6 55. Rc4 Kh5 56. h3 f5 57. Rc8 Rb2+ 58. Kf3 Rb3+ 59. Kg2 Ra3 60. Rh8+ Kg6 61. Ra8 Kf6 62. a5 (62. Ra5 $11 {remains equal.}) 62... Ke5 $17 63. a6 Kf4 $1 64. a7 $2 {[%mdl 8192]} (64. Rb8 $17) 64... Ra2+ $19 65. Kf1 Kf3 $1 {[%cal Ra2a1]} 66. Ke1 f4 67. Rg8 Rxa7 68. Rxg5 Ra1+ $1 69. Kd2 {[#]} Kf2 $2 ({Black should play} 69... Ra2+ $1 $19 70. Kd3 Rh2) 70. h4 $1 $11 Ra3 71. h5 Rh3 72. Rf5 $2 {[%mdl 8192] [#]} (72. Ra5 $11) 72... f3 $1 $19 73. Kd3 Ke1 74. Re5+ Kf1 75. Rf5 Kg2 $2 (75... f2+ $19 76. Kd2 Rh2) 76. Ke3 $11 f2+ 77. Ke2 f1=N (77... f1=Q+ $5 78. Rxf1 Rxh5 $11) 78. Rf2+ Kg1 {Hoping for ...Re3+.} 79. Rxf1+ {KR-KR} Kg2 80. Rf2+ Kg1 81. Rf5 {With the idea Rg5+.} Ra3 (81... Kh2 $11) 82. h6 {aiming for Rg5+.} Rh3 83. Rf6 Kh2 84. Kf2 Rh4 85. Kf3 Kh3 86. Rg6 Ra4 $2 {[%mdl 8192]} (86... Kh2 $14 87. Rb6 Kh3) 87. h7 $2 (87. Rg1 {[%cal Rg1h1]} Kh2 88. Rg4 Ra3+ 89. Kf4) 87... Rh4 $18 88. Rg7 Rh6 $2 (88... Kh2 $18 89. Rc7 Kh3) 89. Kf4 {White mates.} Kh4 90. Kf5 Rh5+ 91. Kg6 Kg4 92. Kf7+ {Precision: White = 53%, Black = 59%.} 1-0